Public Finance: An Introductory Perspective (Record no. 2903)

MARC details
000 -LEADER
fixed length control field 00359nam a22001337a 4500
008 - FIXED-LENGTH DATA ELEMENTS--GENERAL INFORMATION
fixed length control field 250407b |||||||| |||| 00| 0 eng d
020 ## - INTERNATIONAL STANDARD BOOK NUMBER
ISBN 9781373687
100 ## - MAIN ENTRY--AUTHOR
Author UREMADU O. Sebastian
245 ## - TITLE STATEMENT
Title Public Finance: An Introductory Perspective
260 ## - PUBLICATION, DISTRIBUTION, ETC. (IMPRINT)
Place of publication Garki Abuja
Name of publisher Hisbiz Publishing Co.
Date of publication 1998
300 ## - COLLATION
Pagination ix, 89p.
942 ## - ADDED ENTRY ELEMENTS (KOHA)
Item type Books
050 ## - LIBRARY OF CONGRESS CALL NUMBER
Classification number HJ862
Item number .U74
Holdings
Source of classification or shelving scheme Not for loan Permanent location Current location Date acquired Accession No. Full call number Barcode. Koha item type
Library of Congress Classification   Samuel Ogbemudia Main Library, University of Abuja Samuel Ogbemudia Main Library, University of Abuja 04/07/2025 2002/023401 HJ862.U74 2025-1244 Books
Library of Congress Classification   Samuel Ogbemudia Main Library, University of Abuja Samuel Ogbemudia Main Library, University of Abuja 04/07/2025 2002/023401 HJ862.U74 2025-1245 Books
Library of Congress Classification   Samuel Ogbemudia Main Library, University of Abuja Samuel Ogbemudia Main Library, University of Abuja 04/07/2025 2002/023401 HJ862.U74 2025-1246 Books